Piano sanitario bolognese : 11 obiettivi prioritari e 3 progetti speciali per la tutela della salute dei cittadini bolognesi e per un'ulteriore qualificazione delle strutture sanitarie cittadine /

I tiakina i:
Ngā taipitopito rārangi puna kōrero
Kaituhi rangatōpū: Bologna. Assessorato alla sanità (Author)
Hōputu: Pukapuka
Reo:Itāriana
I whakaputaina: Bologna : Comune di Bologna, 1986
Ngā Tūtohu: Tāpirihia he Tūtohu
Kāore He Tūtohu, Me noho koe te mea tuatahi ki te tūtohu i tēnei pūkete!

MARC

LEADER 00000nam a22000007i 4500
001 IT\ICCU\RER\0029666
003 ItRI
005 20260115232443.0
008 990708s1986 it |||||| ||||| |||||c
040 |b ita  |c importazione bologna sebina 
041 7 |a ita  |2 ISO-639-2 
110 2 |a Bologna.  |b Assessorato alla sanità  |0 IT\ICCU\CFIV\045513  |4 aut 
245 0 0 |a Piano sanitario bolognese :  |b 11 obiettivi prioritari e 3 progetti speciali per la tutela della salute dei cittadini bolognesi e per un'ulteriore qualificazione delle strutture sanitarie cittadine /  |c Comune di Bologna Assessorato alla Sanità. 
260 |a Bologna :  |b Comune di Bologna,  |c 1986 
300 |a XIII, 243 p. ;  |c 30 cm. 
942 |2 ddc  |c BK  |n 0 
952 |0 0  |1 0  |4 0  |6 DOC_353_609000000000000_PIA  |7 0  |9 26030  |a BO  |b BO  |d 2026-01-15  |i 1691  |l 0  |o DOC 353.609 PIA  |p BO1691  |r 2026-01-15 23:24:43  |w 2026-01-15  |x [Sebina 5] [1 v. (2. copia)]  |y BK  |z 1 v. (2. copia) 
952 |0 0  |1 0  |4 0  |6 DOC_353_609000000000000_PIA  |7 0  |9 26031  |a BO  |b BO  |d 2026-01-15  |i 2386  |l 0  |o DOC 353.609 PIA  |p BO2386  |r 2026-01-15 23:24:43  |w 2026-01-15  |x [Sebina 7] [1 v.]  |y BK  |z 1 v. 
999 |c 22044  |d 22044